[Event "Nationale Pupillendag 2014"]
[Site "Roosendaal"]
[Date "2014.06.21"]
[Round "6.8"]
[White "Reina, Cat F08: Leon"]
[Black "Pols, Lennart"]
[Result "1-0"]
[WhiteElo "888"]
[BlackElo "563"]
[PlyCount "33"]
[EventDate "2014.??.??"]
[WhiteClock "0:18:39"]
[BlackClock "0:17:30"]

1. e4 e5 2. Nf3 Nc6 3. Nc3 Nf6 4. Bb5 Bc5 5. O-O d6 6. d3 Bd7 7. Bxc6 Bxc6 8.
Bg5 O-O 9. Re1 h6 10. Bh4 Bd7 11. Nd5 c6 12. Nxf6+ gxf6 13. Qd2 a5 14. Qxh6 Qb6
15. Rf1 Qxb2 16. Bxf6 Rfe8 17. Qg7# {Qb4} 1-0

[Event "Nationale Pupillendag 2014"]
[Site "Roosendaal"]
[Date "2014.06.21"]
[Round "6.9"]
[White "Boghossian, Cat F09: Wahe"]
[Black "Raulji, Kavya"]
[Result "1-0"]
[WhiteElo "626"]
[BlackElo "590"]
[PlyCount "183"]
[EventDate "2014.??.??"]
[WhiteClock "0:07:28"]
[BlackClock "0:05:55"]

1. e4 e5 2. Nf3 Nc6 3. Bc4 Bc5 4. O-O Nf6 5. Nc3 O-O 6. d3 d6 7. h3 Be6 8. Bg5
h6 9. Bh4 a6 10. Nd5 Bxd5 11. Bxd5 Nd4 12. c3 Nc6 13. d4 exd4 14. cxd4 Bb4 15.
Qb3 a5 16. Bxc6 bxc6 17. a3 d5 18. e5 Be7 19. exf6 Bxf6 20. Bxf6 Qxf6 21. Qe3
Rfe8 22. Qd3 Re6 23. Rfe1 Qg6 24. Qxg6 Rxg6 25. Nh4 Rg5 26. Re5 Rxe5 27. dxe5
Re8 28. Re1 g5 29. Nf5 Kh7 30. Nd4 c5 31. Nc6 a4 32. Rd1 d4 33. Rc1 Kg6 34.
Rxc5 Kh5 35. Nxd4 Rd8 36. Nf5 Rd1+ 37. Kh2 Kg6 38. Ne7+ Kh7 39. Rxc7 Re1 40.
Nf5 Rxe5 41. Rxf7+ Kg6 42. Nd6 Re6 43. Rd7 Kf6 44. Nf7 Kg6 45. Nh8+ Kh5 46. Rh7
Re2 47. Nf7 Kg6 48. Nxg5 hxg5 49. Rd7 Rxf2 50. Rd6+ Kf5 51. Rd5+ Kg6 52. Rd4
Rxb2 53. Rxa4 Ra2 54. Ra5 Kh5 55. Kg3 Rc2 56. Rf5 Rc3+ 57. Rf3 Rc4 58. Rf5 Ra4
59. Rf3 Rd4 60. Rb3 g4 61. Rb5+ Kh6 62. hxg4 Ra4 63. Kh4 Rxa3 64. Rb6+ Kg7 65.
g5 Ra4+ 66. Kh5 Ra5 67. Rg6+ Kf7 68. Kh6 Ra1 69. Rg7+ Kf8 70. Kg6 Ra6+ 71. Kh7
Ra4 72. Rg8+ Kf7 73. g6+ Kf6 74. Rf8+ Ke7 75. g7 Rh4+ 76. Kg6 Rg4+ 77. Kh7 Rh4+
78. Kg8 Rg4 79. Rf7+ Ke6 80. Kf8 Kd6 81. g8=Q Rxg8+ 82. Kxg8 Ke6 83. g4 Ke5 84.
g5 Ke6 85. Kf8 Ke5 86. g6 Ke6 87. g7 Ke5 88. g8=Q Kd6 89. Qg5 Ke6 90. Rf6+ Kd7
91. Qe5 Kc8 92. Rf7 {Kb8 [%clk 0:05:43] Qe8# [%clk 0:07:27]} 1-0

[Event "Nationale Pupillendag 2014"]
[Site "Roosendaal"]
[Date "2014.06.21"]
[Round "6.10"]
[White "Broeders, Cat F10: Thijs"]
[Black "Kentstra, Thomas"]
[Result "0-1"]
[WhiteElo "464"]
[BlackElo "707"]
[PlyCount "36"]
[EventDate "2014.??.??"]
[WhiteClock "0:16:07"]
[BlackClock "0:17:49"]

1. e4 e5 2. Nf3 Nf6 3. Nc3 Nc6 4. Bb5 Bd6 5. O-O a6 6. Bxc6 dxc6 7. d3 Be6 8.
Bg5 h6 9. Bxf6 gxf6 10. g3 Rg8 11. Na4 f5 12. exf5 Bxf5 13. d4 e4 14. Nh4 Qxh4
15. Nc5 O-O-O 16. c3 Bg4 17. Qb3 Bxc5 18. gxh4 Bf3# 0-1

[Event "Nationale Pupillendag 2014"]
[Site "Roosendaal"]
[Date "2014.06.21"]
[Round "6.11"]
[White "Schouwenaars, Cat F11: Hein"]
[Black "Van Foreest, Tristan"]
[Result "1/2-1/2"]
[WhiteElo "749"]
[BlackElo "866"]
[PlyCount "31"]
[EventDate "2014.??.??"]
[WhiteClock "0:15:52"]
[BlackClock "0:18:40"]

1. e4 e5 2. Nf3 Nc6 3. Bc4 Nf6 4. Ng5 d5 5. exd5 Na5 6. Bb5+ c6 7. dxc6 bxc6 8.
Bd3 Bc5 9. O-O Ng4 10. Nf3 O-O 11. Ne1 Qd6 12. Nf3 Re8 13. c3 Re6 14. b4 Rh6
15. bxa5 e4 16. Bxe4 1/2-1/2

[Event "Nationale Pupillendag 2014"]
[Site "Roosendaal"]
[Date "2014.06.21"]
[Round "6.12"]
[White "Neisingh, Cat F12: Nils"]
[Black "Mellegers, Luuk"]
[Result "0-1"]
[WhiteElo "678"]
[BlackElo "463"]
[PlyCount "120"]
[EventDate "2014.??.??"]
[WhiteClock "0:10:12"]
[BlackClock "0:13:52"]

1. e4 c5 2. Nf3 e6 3. d4 Nc6 4. Bc4 d5 5. exd5 exd5 6. Bb3 c4 7. Ba4 a6 8.
Bxc6+ bxc6 9. Qe2+ Qe7 10. Qxe7+ Bxe7 11. O-O Nf6 12. Re1 Be6 13. Nc3 Bb4 14.
a3 Bxc3 15. bxc3 h6 16. Bf4 O-O 17. Bd6 Rfd8 18. Be7 Rd7 19. Bxf6 gxf6 20. Rab1
Raa7 21. Rb8+ Kg7 22. Rb6 Bg4 23. Rxc6 Rdb7 24. h3 Bxf3 25. gxf3 f5 26. Rc5 Rd7
27. Kh2 a5 28. Rg1+ Kh7 29. Rc8 Rab7 30. Rcg8 f6 31. Rf8 Rb2 32. Rc1 Re7 33.
Rxf6 Re2 34. Kg3 Rbxc2 35. Rxc2 Rxc2 36. Rxf5 Rxc3 37. Rxd5 Rxa3 38. Rc5 Rd3
39. Rxa5 Rxd4 40. Ra4 Kg6 41. f4 Rd3+ 42. f3 c3 43. Ra3 Kf5 44. Ra1 c2 45. Rc1
Rc3 46. h4 h5 47. Kg2 Kxf4 48. Kh2 Kxf3 49. Rf1+ Ke2 50. Rf5 c1=Q 51. Rxh5 Qf4+
52. Kh1 Rc1+ 53. Kg2 Qf2+ 54. Kh3 Rh1+ 55. Kg4 Qf3+ 56. Kg5 Rg1+ 57. Kh6 Qf4+
58. Rg5 Qxh4+ 59. Rh5 Qf6+ 60. Kh7 Qg7# 0-1

[Event "Nationale Pupillendag 2014"]
[Site "Roosendaal"]
[Date "2014.06.21"]
[Round "6.13"]
[White "Harchaoui, Cat G01: Amin"]
[Black "Bruggink, Lyne"]
[Result "0-1"]
[WhiteElo "539"]
[BlackElo "531"]
[PlyCount "58"]
[EventDate "2014.??.??"]
[WhiteClock "0:15:41"]
[BlackClock "0:16:30"]

1. e4 e5 2. Nf3 Nc6 3. Nc3 Bc5 4. Bc4 Nf6 5. O-O d6 6. d3 Bg4 7. Bg5 Nd4 8.
Bxf6 Qxf6 9. Nd5 Qd8 10. h3 Nxf3+ 11. Kh1 Qh4 12. Nxc7+ Kf8 13. Nxa8 Bxh3 14.
Qxf3 Bg4+ 15. Qh3 Bxh3 16. gxh3 Qxh3+ 17. Kg1 Qg3+ 18. Kh1 Qf3+ 19. Kg1 Ke7 20.
Nc7 Bd4 21. Nd5+ Kd7 22. Bb5+ Kd8 23. Ne3 h5 24. Bc4 Rh6 25. Bxf7 Qxf7 26. Nc4
Rg6+ 27. Kh1 Bxf2 28. Nxd6 Qf3+ 29. Kh2 Qg2# 0-1

[Event "Nationale Pupillendag 2014"]
[Site "Roosendaal"]
[Date "2014.06.21"]
[Round "6.14"]
[White "Sturm, Cat G02: Laurens"]
[Black "Tjong tjin Joe, Wesley"]
[Result "0-1"]
[WhiteElo "362"]
[BlackElo "735"]
[PlyCount "96"]
[EventDate "2014.??.??"]
[WhiteClock "0:17:07"]
[BlackClock "0:15:58"]

1. e4 e5 2. Nf3 Nc6 3. Bb5 a6 4. Ba4 Nf6 5. Nc3 Bc5 6. d3 Ng4 7. O-O h6 8. h3
Nf6 9. Be3 Bxe3 10. fxe3 d5 11. Bxc6+ bxc6 12. Nxe5 d4 13. exd4 Qxd4+ 14. Rf2
Qxe5 15. Rf5 Bxf5 16. exf5 Qxf5 17. Qe1+ Qe6 18. Qxe6+ fxe6 19. Re1 Kf7 20. d4
Rhd8 21. Rd1 Rab8 22. b3 Rb4 23. Ne2 e5 24. c3 Rbb8 25. Re1 exd4 26. Nxd4 Re8
27. Rxe8 Nxe8 28. Nxc6 Rb5 29. c4 Rc5 30. Nd8+ Ke7 31. Nb7 Re5 32. a4 Nd6 33.
c5 Nxb7 34. c6 Na5 35. b4 Nxc6 36. b5 axb5 37. axb5 Rxb5 38. g4 Ne5 39. g5 hxg5
40. h4 Rb2 41. hxg5 Ke6 42. g6 Kf5 43. Kf1 Ke4 44. Ke1 Kd3 45. Kf1 Ke3 46. Kg1
Kf3 47. Kh1 Kg3 48. Kg1 Rb1# 0-1

[Event "Nationale Pupillendag 2014"]
[Site "Roosendaal"]
[Date "2014.06.21"]
[Round "6.15"]
[White "Molanus, Cat G03: Florian"]
[Black "Rutten, Alexander"]
[Result "1-0"]
[WhiteElo "530"]
[BlackElo "434"]
[PlyCount "109"]
[EventDate "2014.??.??"]
[WhiteClock "0:13:30"]
[BlackClock "0:15:47"]

1. e4 e5 2. Nf3 Nc6 3. Bc4 Nf6 4. Nc3 Nxe4 5. Nxe4 d5 6. Bb5 dxe4 7. Nxe5 Qd6
8. Nxc6 bxc6 9. Bc4 Be6 10. Bxe6 Qxe6 11. O-O Bd6 12. d4 exd3 13. Qxd3 O-O 14.
Bd2 Qf6 15. Bc3 Qg6 16. Qxg6 fxg6 17. Rae1 Rae8 18. Rxe8 Rxe8 19. Re1 Rf8 20.
a3 Bc5 21. Rf1 Bd6 22. Ba5 Rb8 23. b4 Rb5 24. c4 Re5 25. c5 Bf8 26. Bxc7 Rd5
27. Bb8 a6 28. Bf4 Rd3 29. a4 Ra3 30. a5 Rb3 31. Bd2 Kf7 32. Rc1 Be7 33. Rc4
Rb1+ 34. Rc1 Rxc1+ 35. Bxc1 Ke6 36. g4 Kd5 37. Be3 Kc4 38. Bd2 Bf6 39. g5 Bc3
40. Bxc3 Kxc3 41. b5 Kb4 42. bxc6 Kxc5 43. c7 Kc6 44. c8=Q+ Kd6 45. Qxa6+ Ke5
46. Qb7 Kf5 47. a6 Kxg5 48. a7 Kh6 49. a8=R Kg5 50. Qxg7 h5 51. Ra5+ Kf4 52.
Qd4+ Kf3 53. Ra3+ Ke2 54. Qb2+ Kd1 55. Ra1# 1-0

[Event "Nationale Pupillendag 2014"]
[Site "Roosendaal"]
[Date "2014.06.21"]
[Round "6.16"]
[White "Tran, Cat G04: Kimmily"]
[Black "Van der Hagen, Loek"]
[Result "1-0"]
[WhiteElo "506"]
[BlackElo "681"]
[PlyCount "53"]
[EventDate "2014.??.??"]
[WhiteClock "0:12:09"]
[BlackClock "0:14:58"]

1. e4 c5 2. Nf3 Nc6 3. d4 cxd4 4. Nxd4 d6 5. Be3 Nf6 6. Nc3 e6 7. Qd2 Be7 8.
O-O-O O-O 9. h4 Bd7 10. h5 h6 11. f3 Rc8 12. g4 Na5 13. g5 Nc4 14. Bxc4 Rxc4
15. gxf6 Bxf6 16. Bxh6 Rxd4 17. Qg2 Rb4 18. Bf4 Qb6 19. e5 dxe5 20. Bh6 Rxb2
21. Rxd7 Qe3+ 22. Bxe3 Rc8 23. Rg1 e4 24. Bh6 Kf8 25. Bxg7+ Bxg7 26. Qxg7+ Ke8
27. Qxf7# 1-0

[Event "Nationale Pupillendag 2014"]
[Site "Roosendaal"]
[Date "2014.06.21"]
[Round "6.17"]
[White "Mang, Cat G05: Dalya"]
[Black "Van Hagen, Fabiënne"]
[Result "0-1"]
[WhiteElo "311"]
[BlackElo "160"]
[PlyCount "70"]
[EventDate "2014.??.??"]

1. e4 e5 2. Nf3 Nc6 3. Nc3 Nf6 4. Bc4 Bc5 5. O-O O-O 6. d3 d6 7. Bg5 Bg4 8. h3
Bxf3 9. Qxf3 h6 10. Bxf6 Qxf6 11. Qg3 Nd4 12. Rac1 Ne2+ 13. Kh2 Nxg3 14. fxg3
Qg5 15. Nd5 c6 16. Nc3 Be3 17. Rce1 Bd2 18. Re2 Bxc3 19. bxc3 b5 20. Bb3 a6 21.
Ref2 Qe3 22. Bxf7+ Kh8 23. Rf5 g6 24. Rf6 h5 25. Rxg6 Qa7 26. Bb3 Rxf1 27. g4
Kh7 28. Rxd6 hxg4 29. hxg4 Raf8 30. Rxc6 Qg1+ 31. Kg3 Qf2+ 32. Kh2 Rg1 33. Rc7+
Kg6 34. Rc6+ Kg5 35. Rc5 Qxg2# 0-1

[Event "Nationale Pupillendag 2014"]
[Site "Roosendaal"]
[Date "2014.06.21"]
[Round "6.18"]
[White "Honkoop, Cat G06: Stella"]
[Black "Van Thienen, Puck"]
[Result "0-1"]
[WhiteElo "658"]
[BlackElo "376"]
[PlyCount "26"]
[EventDate "2014.??.??"]
[WhiteClock "0:17:53"]
[BlackClock "0:19:09"]

1. e4 e5 2. Nf3 Nc6 3. d4 exd4 4. Nxd4 Nxd4 5. Qxd4 c5 6. Qd5 Qh4 7. Bc4 Qg4 8.
Qxf7+ Kd8 9. O-O Bd6 10. h3 Qxe4 11. Bg5+ Kc7 12. Bd3 Qe5 13. Bd2 Qh2# 0-1

[Event "Nationale Pupillendag 2014"]
[Site "Roosendaal"]
[Date "2014.06.21"]
[Round "6.19"]
[White "Zubair, Cat G07: Muhammad S"]
[Black "Adema, Wessel"]
[Result "1-0"]
[WhiteElo "616"]
[BlackElo "727"]
[PlyCount "127"]
[EventDate "2014.??.??"]
[WhiteClock "0:11:21"]
[BlackClock "0:13:02"]

1. d4 d5 2. Nc3 Nf6 3. Bf4 Nc6 4. Nb5 e5 5. dxe5 Ne4 6. e6 Bd6 7. exf7+ Kxf7 8.
Bxd6 cxd6 9. Qxd5+ Be6 10. Qxe4 Qf6 11. Nf3 Qxb2 12. Qf4+ Kg8 13. Rd1 Qxb5 14.
e3 Qa5+ 15. Nd2 Rf8 16. Qxd6 Qf5 17. Nf3 Qa5+ 18. Rd2 Bxa2 19. Be2 Bb1 20. O-O
Rxf3 21. Bxf3 Nd8 22. Bd5+ Nf7 23. Bxf7+ Kxf7 24. Qd5+ Qxd5 25. Rxd5 Bxc2 26.
Rd7+ Kg6 27. Rxb7 Rd8 28. Rxa7 Rf8 29. Rc1 Be4 30. Ra6+ Rf6 31. Rxf6+ gxf6 32.
f3 Bd3 33. e4 f5 34. exf5+ Bxf5 35. Rc6+ Kg5 36. Rc5 Kg6 37. g4 Be6 38. h3 Kg7
39. Kg2 Kh8 40. Kg3 Bg8 41. f4 Kg7 42. Rc7+ Kh8 43. f5 Bf7 44. Rxf7 h5 45. gxh5
Kg8 46. h6 Kxf7 47. Kg4 Kg8 48. h4 Kf7 49. Kg5 Kg8 50. f6 Kf7 51. h7 Ke6 52.
h8=Q Ke5 53. f7+ Ke6 54. Qf6+ Kd5 55. Kf5 Kc4 56. Qd6 Kb5 57. Qc7 Kb4 58. Ke4
Kb5 59. Kd4 Ka6 60. Qc4+ Ka5 61. Qb3 Ka6 62. Kc5 Ka7 63. Kc6 Ka8 64. Qb7# 1-0

[Event "Nationale Pupillendag 2014"]
[Site "Roosendaal"]
[Date "2014.06.21"]
[Round "6.20"]
[White "Warnaar, Cat G08: Tim"]
[Black "Geelhoed, Merel"]
[Result "1-0"]
[WhiteElo "424"]
[BlackElo "379"]
[PlyCount "60"]
[EventDate "2014.??.??"]
[WhiteClock "0:16:53"]
[BlackClock "0:16:42"]

1. e4 e5 2. Nf3 Nc6 3. d4 d6 4. d5 Nb4 5. Nc3 g6 6. Bg5 Qd7 7. Bf6 Nxf6 8. Bb5
c6 9. dxc6 bxc6 10. Bc4 d5 11. exd5 cxd5 12. Bb5 Nc6 13. Nxe5 Qe6 14. Bxc6+ Bd7
15. Bxa8 Qxe5+ 16. Ne2 Bg4 17. f3 Bh5 18. O-O Bg4 19. fxg4 Nxg4 20. g3 Bh6 21.
Bc6+ Kf8 22. Bxd5 Be3+ 23. Kg2 Nf6 24. Bc6 Kg7 25. Qe1 Rc8 26. Bb7 Rxc2 27. Rf3
Rxb2 {Nf4 [%clk 0:17:14] Rxb7 [%clk 0:16:30]} 28. Rxe3 Qf5 29. Re5 {Rb2+ [%clk
0:16:01] Kf3 [%clk 0:16:56]} Qd7 30. Rd1 Qxb7+ {Ke3 Ng4+ [%clk 0:15:14] Kd4 
[%clk 0:16:28] Nxe5 [%clk 0:15:09] Qxe5+ [%clk 0:16:25] Kf8 [%clk 0:14:59]
Qh8+ [%clk 0:16:23] Ke7 [%clk 0:14:57] Re1+ [%clk 0:16:21] Kd7 [%clk 0:14:51]
Qe8+ [%clk 0:16:18] Kd6 [%clk 0:14:47] Qe5+ [%clk 0:16:09] Kd7 [%clk 0:14:41]
Qe7+ [%clk 0:16:06] Kc6 [%clk 0:14:39] Qxb7+ [%clk 0:16:03] Rxb7 [%clk 0:14:36]
Rc1+ [%clk 0:15:59] Kb6 [%clk 0:14:34] Rb1+ [%clk 0:15:57] Ka6 [%clk 0:14:31]
Rxb7 [%clk 0:15:55] Kxb7 [%clk 0:14:30] Nd5 [%clk 0:15:41] a5 [%clk 0:14:22]
a4 [%clk 0:15:41] Kc6 [%clk 0:14:22] Kc4 [%clk 0:15:37] Kb7 [%clk 0:14:17] Kb5
[%clk 0:15:33] Ka7 [%clk 0:14:12] Kxa5 [%clk 0:15:30] Ka8 [%clk 0:14:10] Nb6+ 
[%clk 0:15:29] Ka7 [%clk 0:14:08] Nc8+ [%clk 0:15:25] Ka8 [%clk 0:14:07] Kb5 
[%clk 0:15:21] Kb8 [%clk 0:14:05] Nd6 [%clk 0:15:15] Ka8 [%clk 0:14:04] Nxf7 
[%clk 0:15:05] h5 [%clk 0:13:58] h4 [%clk 0:15:01] Ka7 [%clk 0:13:55] Ne5 
[%clk 0:14:59] Kb7 [%clk 0:13:48] Nxg6 [%clk 0:14:56] Kc7 [%clk 0:13:47] Ne5 
[%clk 0:14:53] Kc8 [%clk 0:13:42] g4 [%clk 0:14:50] hxg4 [%clk 0:13:36] Nxg4 
[%clk 0:14:49] Kd8 [%clk 0:13:23] h5 [%clk 0:14:48] Ke8 [%clk 0:13:22] h6 
[%clk 0:14:47] Kf8 [%clk 0:13:21] h7 [%clk 0:14:44] Kg7 [%clk 0:13:19] Nf6 
[%clk 0:14:42] Kh8 [%clk 0:13:13] Kb4 [%clk 0:14:37] Kg7 [%clk 0:13:09] a5 
[%clk 0:14:35] Kh8 [%clk 0:13:08] a6 [%clk 0:14:34] Kg7 [%clk 0:13:06] a7 
[%clk 0:14:34] Kh8 [%clk 0:13:05] a8=Q+ [%clk 0:14:30] Kg7 [%clk 0:13:01]
h8=Q+ Kf7 Qhf8+ [%clk 0:14:17] Ke6 [%clk 0:12:58] Qa6+ [%clk 0:14:15] Kd7 
[%clk 0:12:57] Qf7+ Kd8 [%clk 0:12:44] Qa8#} 1-0

[Event "Nationale Pupillendag 2014"]
[Site "Roosendaal"]
[Date "2014.06.21"]
[Round "6.21"]
[White "Bello, Cat H01: Ingo"]
[Black "Han, Yichen"]
[Result "0-1"]
[WhiteElo "466"]
[BlackElo "586"]
[PlyCount "108"]
[EventDate "2014.??.??"]
[WhiteClock "0:08:02"]
[BlackClock "0:14:54"]

1. e4 e5 2. Nf3 Nc6 3. Bc4 Nf6 4. d3 h6 5. Nc3 Bc5 6. O-O d6 7. Nd5 Bg4 8.
Nxf6+ Qxf6 9. Bd2 Nd4 10. Re1 Bxf3 11. gxf3 Nxf3+ 12. Kh1 Nxe1 13. Qxe1 Bxf2
14. Qf1 Qf3+ 15. Qg2 Qxg2+ 16. Kxg2 Bd4 17. c3 Bc5 18. b4 Bb6 19. a4 a5 20. b5
O-O 21. Rf1 Rad8 22. Rf3 c6 23. Rg3 Kh7 24. bxc6 bxc6 25. Bb3 d5 26. exd5 cxd5
27. Bc2 d4 28. cxd4 exd4 29. h3 Rfe8 30. Bxh6 gxh6 31. Bb3 Rg8 32. Rxg8 Rxg8+
33. Kh2 Kg6 34. h4 Rc8 35. Kh3 Rc3 36. Bc4 f5 37. Kg3 h5 38. Bb5 Kf6 39. Bc4
Ke5 40. Bb5 f4+ 41. Kf3 Rc1 42. Be8 Rh1 43. Bxh5 Rxh4 44. Be8 Rh3+ 45. Kg4 Rxd3
46. Bg6 Rg3+ 47. Kh5 Rxg6 48. Kxg6 f3 49. Kg5 f2 50. Kg6 f1=Q 51. Kg7 Qf6+ 52.
Kh7 Qg5 53. Kh8 Kf6 54. Kh7 Qg7# 0-1

[Event "Nationale Pupillendag 2014"]
[Site "Roosendaal"]
[Date "2014.06.21"]
[Round "6.22"]
[White "Jonkman, Cat H02: Amelia"]
[Black "De Boer, Sem"]
[Result "1-0"]
[WhiteElo "493"]
[BlackElo "337"]
[PlyCount "75"]
[EventDate "2014.??.??"]
[WhiteClock "0:08:30"]
[BlackClock "0:14:48"]

1. d4 d5 2. Nf3 Nc6 3. e3 Nf6 4. c4 Bf5 5. Nc3 dxc4 6. Bxc4 Nb4 7. O-O Bc2 8.
Qe2 Be4 9. Nxe4 Nxe4 10. a3 Nc6 11. Qd3 Na5 12. b4 Nxc4 13. Qxc4 e6 14. Qd3 Qd5
15. Bb2 O-O-O 16. Ne5 Rd6 17. Nxf7 Rg8 18. Nxd6+ cxd6 19. Rac1+ Kd7 20. Rc2 Be7
21. Rfc1 Bd8 22. a4 b6 23. f3 Nf6 24. Qa6 Qb3 25. Qxa7+ Ke8 26. Ba1 Qxe3+ 27.
Kf1 Qd3+ 28. Kg1 Qe3+ 29. Kf1 Qd3+ 30. Ke1 Qe3+ 31. Kf1 Qd3+ 32. Kg1 Qe3+ 33.
Kh1 e5 34. dxe5 dxe5 35. Rc8 Qa3 36. Rd1 Nd7 37. Qxd7+ Kf8 38. Rxd8# 1-0

[Event "Nationale Pupillendag 2014"]
[Site "Roosendaal"]
[Date "2014.06.21"]
[Round "6.23"]
[White "Kutchoukov, Cat H03: Thomas"]
[Black "Bertholee, Isabella"]
[Result "1-0"]
[WhiteElo "503"]
[BlackElo "372"]
[PlyCount "87"]
[EventDate "2014.??.??"]
[WhiteClock "0:11:05"]
[BlackClock "0:13:46"]

1. e4 e5 2. Nf3 Nc6 3. Bc4 Bc5 4. O-O Nf6 5. Nc3 d6 6. h3 Be6 7. Bb3 Bxb3 8.
axb3 Nd4 9. Nxd4 exd4 10. Ne2 O-O 11. d3 Re8 12. Bg5 h6 13. Bh4 g5 14. Bg3 Qd7
15. Re1 g4 16. hxg4 Qxg4 17. c3 dxc3 18. Nxc3 Qh5 19. Qxh5 Nxh5 20. Bh4 Kh7 21.
Rad1 Rg8 22. d4 Bb4 23. e5 dxe5 24. dxe5 Nf4 25. g3 Nh3+ 26. Kg2 Ng5 27. f4 Ne6
28. Rf1 Rad8 29. Bxd8 Rxd8 30. Rxd8 Nxd8 31. Nd5 c6 32. Nxb4 a5 33. Rd1 Ne6 34.
Nd3 f6 35. exf6 Kg8 36. Ne5 Kh7 37. f7 Kg7 38. Rd6 Nf8 39. f5 Kh7 40. Rd8 c5
41. Rxf8 b5 42. Rg8 a4 43. f8=Q axb3 44. Qg7# 1-0

[Event "Nationale Pupillendag 2014"]
[Site "Roosendaal"]
[Date "2014.06.21"]
[Round "7.1"]
[White "Kutchoukov, Cat F01: Daniel"]
[Black "Kien, Clovis"]
[Result "1-0"]
[WhiteElo "1152"]
[BlackElo "639"]
[PlyCount "95"]
[EventDate "2014.??.??"]
[WhiteClock "0:13:51"]
[BlackClock "0:15:24"]

1. e4 e5 2. Nf3 Nc6 3. Bb5 Bc5 4. O-O Nf6 5. Re1 O-O 6. c3 d6 7. d4 Bb6 8. Bxc6
bxc6 9. dxe5 dxe5 10. Qxd8 Rxd8 11. Nxe5 Ng4 12. Nxg4 Bxg4 13. h3 Bh5 14. Bf4
Rd7 15. Nd2 Rad8 16. Nc4 Bg6 17. Ne5 Rd6 18. Nxf7 Bxf7 19. Bxd6 Rxd6 20. Rad1
Re6 21. b4 h6 22. a4 a6 23. a5 Ba7 24. Rd7 Rf6 25. Re2 Bc4 26. Red2 Bb8 27.
Rd8+ Rf8 28. Rxf8+ Kxf8 29. Rd8+ Ke7 30. Rxb8 Bd3 31. Rg8 Kf6 32. Rc8 Bxe4 33.
Rxc7 Bd5 34. Rb7 Ke5 35. Rb6 g5 36. Rxa6 Kd6 37. Rb6 h5 38. a6 Kc7 39. Rb7+ Kc8
40. Rg7 g4 41. hxg4 hxg4 42. Rxg4 Be6 43. Rg6 Bc4 44. Rxc6+ Kb8 45. Rxc4 Ka7
46. b5 Kb8 47. b6 Ka8 48. Rc8# 1-0

[Event "Nationale Pupillendag 2014"]
[Site "Roosendaal"]
[Date "2014.06.21"]
[Round "7.2"]
[White "Pham, Cat F02: Khoi"]
[Black "Van Steenoven, Luuk"]
[Result "1-0"]
[WhiteElo "1054"]
[BlackElo "1037"]
[PlyCount "45"]
[EventDate "2014.??.??"]
[WhiteClock "0:14:46"]
[BlackClock "0:12:56"]

1. e4 d5 2. exd5 Nf6 3. Bb5+ Nbd7 4. c4 g6 5. Nc3 Bg7 6. Nf3 O-O 7. O-O Nb6 8.
d3 Bg4 9. h3 Bd7 10. Bxd7 Qxd7 11. Re1 Rfe8 12. Bf4 c6 13. Ne5 Qc8 14. dxc6
bxc6 15. Qb3 Nh5 16. Bh2 Bxe5 17. Bxe5 c5 18. Nb5 f6 19. Bh2 e5 20. Nd6 Qd7 21.
Nxe8 Qxe8 22. d4 cxd4 23. c5+ 1-0

[Event "Nationale Pupillendag 2014"]
[Site "Roosendaal"]
[Date "2014.06.21"]
[Round "7.3"]
[White "Garceran Wang, Cat F03:Miguel Ange"]
[Black "Sahin, Loran"]
[Result "1-0"]
[WhiteElo "1168"]
[BlackElo "733"]
[PlyCount "131"]
[EventDate "2014.??.??"]

1. d4 d5 2. Nc3 Nf6 3. Bg5 Nc6 4. f3 h6 5. Bh4 Bf5 6. e3 Nb4 7. Bd3 Nxd3+ 8.
cxd3 e6 9. e4 dxe4 10. dxe4 Bg6 11. e5 Be7 12. exf6 Bxf6 13. Bxf6 Qxf6 14. Nge2
O-O 15. O-O Rad8 16. Ne4 Qe7 17. Qd2 e5 18. d5 c6 19. N2c3 Qd7 20. Rad1 Qc7 21.
Qe3 f5 22. Nc5 f4 23. Qf2 Bf7 24. Ne6 Bxe6 25. dxe6 Qe7 26. Qxa7 Qxe6 27. Qxb7
Rb8 28. Qd7 Qxd7 29. Rxd7 Rxb2 30. Rc7 Rf6 31. Rd1 Rc2 32. Ne4 Re6 33. a4 Ra2
34. Ra7 Re8 35. a5 Rb8 36. a6 Rb6 37. Nc5 Rb5 38. Ra8+ Kh7 39. Nd7 Rba5 40. h4
Rxa6 41. Rxa6 Rxa6 42. Nxe5 c5 43. Rc1 Ra5 44. Kh2 c4 45. Nxc4 Rc5 46. Kh3 g5
47. Kg4 Kg6 48. h5+ Kf6 49. g3 fxg3 50. Kxg3 Kf5 51. Ne3+ Ke5 52. Rxc5+ Kd4 53.
Rc6 Kxe3 54. Rxh6 g4 55. fxg4 Ke4 56. Rf6 Ke5 57. g5 Ke4 58. g6 Ke5 59. g7 Ke4
60. g8=Q Ke5 61. Qg5+ Ke4 62. Rf4+ Ke3 63. Qe5+ Kd3 64. Rd4+ Kc3 65. Qc5+ Kb3
66. Rb4+ 1-0

[Event "Nationale Pupillendag 2014"]
[Site "Roosendaal"]
[Date "2014.06.21"]
[Round "7.4"]
[White "Kentstra, Cat F04: Thomas"]
[Black "Piersma, Wisse"]
[Result "0-1"]
[WhiteElo "707"]
[BlackElo "684"]
[PlyCount "76"]
[EventDate "2014.??.??"]
[WhiteClock "0:10:41"]
[BlackClock "0:08:17"]

1. e4 e5 2. Nf3 Nc6 3. d4 exd4 4. Nxd4 Bc5 5. Be3 Qf6 6. c3 Nge7 7. Bc4 O-O 8.
b4 Bb6 9. O-O Qg6 10. Nd2 d5 11. exd5 Bh3 12. Qf3 Bg4 13. Qg3 Nxd4 14. cxd4
Rae8 15. h3 Nf5 16. hxg4 Nxg3 17. Bf4 Ne4 18. Nf3 Qxg4 19. Be3 Nd6 20. Ne5 Qh4
21. Bb5 Nxb5 22. Nd7 Rxe3 23. fxe3 Re8 24. Ne5 Nc3 25. Nxf7 Rxe3 26. Rf2 Bxd4
27. g3 Qxg3+ 28. Rg2 Ne2+ 29. Kh1 Qh3+ 30. Rh2 Qf3+ 31. Rg2 Bxa1 32. Nh6+ Kf8
33. Ng4 Qh3+ 34. Nh2 Ng3+ 35. Kg1 Bd4 36. Rf2+ Kg8 37. d6 Re1+ 38. Nf1 Rxf1#
0-1

[Event "Nationale Pupillendag 2014"]
[Site "Roosendaal"]
[Date "2014.06.21"]
[Round "7.6"]
[White "Van Foreest, Cat F06: Tristan"]
[Black "Van Cleef, Matteo"]
[Result "0-1"]
[WhiteElo "866"]
[BlackElo "862"]
[PlyCount "124"]
[EventDate "2014.??.??"]
[WhiteClock "0:12:34"]
[BlackClock "0:09:59"]

1. e4 c5 2. Nf3 d6 3. Nc3 Nc6 4. d3 g6 5. b3 Bg7 6. Bb2 b5 7. Rb1 Qa5 8. Be2
Bxc3+ 9. Bxc3 Qxc3+ 10. Nd2 Qa5 11. O-O Nf6 12. Bf3 O-O 13. e5 dxe5 14. Bxc6
Rb8 15. Qe2 Qb6 16. Qxe5 Bf5 17. Bd5 Nxd5 18. Qxd5 Rbd8 19. Qe5 e6 20. Ne4 Bxe4
21. Qxe4 Rd4 22. Qe3 Qa5 23. b4 Rxb4 24. Qxc5 Rxb1 25. Rxb1 Rb8 26. h3 a6 27.
Qd6 Rd8 28. Qb4 Qxa2 29. Rb2 Qd5 30. Qa5 Ra8 31. Qc3 a5 32. Qa3 b4 33. Qa4 Qc5
34. Qd7 Qc3 35. Qb7 Rf8 36. Ra2 Qe1+ 37. Kh2 Qxf2 38. Rxa5 Qxc2 39. Qxb4 Qxd3
40. Ra3 Qf5 41. Rf3 Qd5 42. Qh4 Qd8 43. Qh6 Qd4 44. Rf4 Qg7 45. Qh4 g5 46. Rg4
gxh4 47. Rxg7+ Kxg7 48. g4 hxg3+ 49. Kxg3 f5 50. h4 f4+ 51. Kf3 e5 52. h5 e4+
53. Ke2 f3+ 54. Kf1 e3 55. h6+ Kxh6 56. Kg1 f2+ 57. Kh2 f1=Q 58. Kg3 Qf2+ 59.
Kh3 Qg1 60. Kh4 Rf4+ 61. Kh3 Rf3+ 62. Kh4 Qg3# 0-1

[Event "Nationale Pupillendag 2014"]
[Site "Roosendaal"]
[Date "2014.06.21"]
[Round "7.7"]
[White "Valstar, Cat F07: Boaz"]
[Black "Reina, Leon"]
[Result "1/2-1/2"]
[WhiteElo "813"]
[BlackElo "888"]
[PlyCount "116"]
[EventDate "2014.??.??"]
[WhiteClock "0:14:20"]
[BlackClock "0:11:52"]

1. e4 e5 2. Nf3 Nc6 3. Nc3 Nf6 4. a3 Bc5 5. h3 O-O 6. Bb5 d6 7. Bxc6 bxc6 8.
O-O d5 9. exd5 cxd5 10. Nxe5 Qd6 11. Re1 Re8 12. Nf3 Rxe1+ 13. Qxe1 Bf5 14. d3
Re8 15. Qf1 Bxh3 16. gxh3 Qg3+ 17. Qg2 Bxf2+ 18. Kf1 Qxg2+ 19. Kxg2 Bb6 20. Bg5
d4 21. Bxf6 gxf6 22. Nd5 Re2+ 23. Kg3 Rxc2 24. Nxb6 cxb6 25. Nxd4 Rxb2 26. Rf1
Rd2 27. Rf3 Kf8 28. Nc6 a5 29. Kf4 Ke8 30. Ke3 Ra2 31. Rxf6 Rxa3 32. Nd4 Ra1
33. Rxb6 a4 34. Ra6 a3 35. Nb3 Re1+ 36. Kd2 Rh1 37. Rxa3 Rh2+ 38. Kc3 Rxh3 39.
Ra7 f5 40. Kc4 f4 41. Ra1 Ke7 42. d4 f3 43. Nd2 f2 44. d5 Rg3 45. Rf1 Rg2 46.
Ne4 h5 47. Rxf2 Rxf2 48. Nxf2 h4 49. Nh3 Kd6 50. Nf4 Kd7 51. Ng6 h3 52. Ne5+
Kd6 53. Nf3 Kd7 54. Kc5 Kc7 55. d6+ Kd7 56. Kd5 Kd8 57. Kc6 Kc8 58. Kd5 Kd7
1/2-1/2